All Incorporated Municipalities of Monroe County, New York - Statistics

General Stats
  • This quiz has been taken 67 times
  • The average score is 23 of 31
Answer Stats
Answer % Correct
Henrietta
94%
Irondequoit
94%
Rochester
94%
Webster
94%
Webster
94%
Brighton
88%
Greece
88%
Pittsford
88%
Pittsford
88%
Brockport
81%
Rush
81%
Chili
75%
East Rochester
75%
East Rochester
75%
Fairport
75%
Gates
75%
Hamlin
75%
Penfield
75%
Spencerport
75%
Churchville
69%
Mendon
69%
Wheatland
69%
Hilton
63%
Honeoye Falls
63%
Perinton
56%
Riga
50%
Scottsville
50%
Sweden
50%
Clarkson
44%
Ogden
44%
Parma
44%
No matching quizzes found
Score Distribution
Percent of People with Each Score
Percentile by Number Answered
Your Score History
You have not taken this quiz